00540naa a2200169 45000050016000000100017000160200025000330350017000580370019000750820008000942450100001022600035002022700062002373000029002995000020003287000022003482011072205525.0 aB-427852-856 a978014310263c595.00 aB-427852-856 bPenguin Books  a0801 aThe Penguin Books of modern Indian speeches:b1877 to the present /c edited by Rakesh Batabyal aNew DelhibPenguin Booksc2007 a11, Community Centre, Panchsheel ParkbNew Delhie110 017 axxxvi, 916p.c22cm (Pbk) aIncludes index  aBatabyal, Rakesh